Estadísticas para Ciudades latinoamericanas que comienzan con C

Haz click aquí para intentar la prueba.

Estadísticas generales

  • Esta prueba ha sido intentada 843 veces
  • La puntuación promedio es 6 de 10

Respuestas en el mapa

Las respuestas están codificadas por una escala verde-roja en el mapa de la prueba según el % correcto abajo.
 

Estadísticas de respuestas

PaísPoblaciónCiudad% Correcto
Venezuela2,09 MCaracas
95%
Colombia2,21 MCali
79%
Argentina1,39 MCórdoba
78%
México0,89 MCancún
71%
Perú0,48 MCuzco
63%
Brasil1,96 MCuritiba
47%
México1,50 MCiudad Juárez
43%
México0,20 MCabo San Lucas
31%
Colombia0,75 MCúcuta
28%
Brasil1,20 MCampinas
23%

Distribución de puntuación

Porcentaje por número respondido

Porcentaje de gente con cada puntuación

Historial de tus puntuaciones

No has intentado esta prueba.